[Event "Florianopolis op 3rd"]
[Site "Florianopolis"]
[Date "2017.01.25"]
[Round "8"]
[White "Serer, Pedro Stein"]
[Black "Damschi, Gustavo Giovanni"]
[Result "1/2-1/2"]
[WhiteElo "1800"]
[BlackElo "1775"]
[PlyCount "40"]
[EventDate "2017.01.20"]
[EventType "swiss"]
[EventRounds "10"]
[EventCountry "BRA"]
[SourceTitle "CBM 176 Extra"]
[Source "ChessBase"]
[SourceDate "2017.03.02"]
[SourceVersion "1"]
[SourceVersionDate "2017.03.02"]
[SourceQuality "1"]

1. e4 c5 2. Nf3 d6 3. c3 Nf6 4. Be2 Nc6 5. d4 cxd4 6. cxd4 e6 7. Nc3 Be7 8. 0-0 0-0 9. Bd3 Qb6 10. Na4 Qa5 11. Bd2 Qh5 12. Re1 Nd7 13. a3 g5 14. h3 e5 15. d5 Nd4 16. Nxg5 Qxd1 17. Rexd1 Nb3 18. Nf3 Nxa1 19. Rxa1 a6 20. b4 b5 1/2-1/2

[Event "Florianopolis op 3rd"]
[Site "Florianopolis"]
[Date "2017.01.21"]
[Round "3"]
[White "Leszczynski, Taynara"]
[Black "Serer, Pedro Stein"]
[Result "0-1"]
[WhiteElo "1676"]
[BlackElo "1800"]
[PlyCount "112"]
[EventDate "2017.01.20"]
[EventType "swiss"]
[EventRounds "10"]
[EventCountry "BRA"]
[SourceTitle "EXT 2018"]
[Source "ChessBase"]
[SourceDate "2017.10.13"]
[SourceVersion "1"]
[SourceVersionDate "2017.10.13"]
[SourceQuality "1"]

1. e4 e5 2. Nf3 Nc6 3. Bc4 Nf6 4. d3 Bc5 5. 0-0 d6 6. c3 0-0 7. b4 Bb6 8. a4 a6 9. a5 Ba7 10. Be3 Be6 11. Bxe6 fxe6 12. Ng5 Qd7 13. Qb3 Rac8 14. Nd2 Bxe3 15. fxe3 d5 16. exd5 exd5 17. e4 h6 18. Nh3 Kh7 19. exd5 Qxd5 20. Qc2 Rcd8 21. d4+ e4 22. Nf4 Nxd4 23. Nxd5 Nxc2 24. Nxf6+ Rxf6 25. Nxe4 Nxa1 26. Nxf6+ gxf6 27. Rxa1 Rd2 28. Rc1 Kg6 29. h3 f5 30. Rf1 Rd3 31. Rf3 Rxf3 32. gxf3 Kg5 33. c4 f4 34. b5 Kf5 35. c5 c6 36. bxc6 bxc6 37. Kf2 Ke5 38. Ke2 Kd4 39. Kd2 h5 40. h4 Kc4 41. Kc2 Kxc5 42. Kd3 Kd5 43. Kc3 c5 44. Kd3 c4+ 45. Kc3 Kc5 46. Kc2 Kd4 47. Kd2 c3+ 48. Kc2 Ke3 49. Kxc3 Kxf3 50. Kd3 Kg3 51. Ke4 f3 52. Kf5 f2 53. Kg5 f1Q 54. Kxh5 Qb5+ 55. Kg6 Qxa5 56. h5 Qxh5+ 0-1

[Event "Florianopolis op 3rd"]
[Site "Florianopolis"]
[Date "2017.01.21"]
[Round "2"]
[White "Serer, Pedro Stein"]
[Black "Januario, Jessica dos Anjos"]
[Result "1-0"]
[WhiteElo "1800"]
[BlackElo "1564"]
[PlyCount "37"]
[EventDate "2017.01.20"]
[EventType "swiss"]
[EventRounds "10"]
[EventCountry "BRA"]
[SourceTitle "CBM 176 Extra"]
[Source "ChessBase"]
[SourceDate "2017.03.02"]
[SourceVersion "1"]
[SourceVersionDate "2017.03.02"]
[SourceQuality "1"]

1. e4 c5 2. Nf3 a6 3. c3 g6 4. d4 cxd4 5. cxd4 Bg7 6. Bf4 Nf6 7. Nc3 0-0 8. Rc1 e6 9. Bd3 d6 10. 0-0 Nbd7 11. Bxd6 Re8 12. e5 Nd5 13. Nxd5 exd5 14. Qb3 Qa5 15. Bc7 b6 16. Rc6 Rb8 17. Bxb8 Nxb8 18. Rxb6 Bg4 19. Rxb8 1-0